000 00649nam a2200241Ia 4500
003 OSt
005 20221007063410.0
006 a|||||r|||| 00| 0
007 ta
008 221006b |||||||| |||| 00| 0 eng d
024 _a29,078
037 _cTextual
040 _aFLL
_cFLL
_beng
041 _2eng
_aeng
082 _aZ73:94, H0.1
100 _aWogmore John Henry
_9684185
245 0 _aEvidence in trials at common law
250 _a3rd
260 _aBoston
_bLittle, Brown and Company Boston
_c1940
300 _axcii,722p
_ccm.
942 _hZ73:94, H0.1
_cTEXL
_2CC
999 _c1131156
_d1131156